Source - it : global material sourcing for the clothing industry.
| Format: | Book |
|---|---|
| Published: |
Geneva:
ITC,
2005.
|
| Subjects: |
| LEADER | 00479cam a2200169 7i4500 | ||
|---|---|---|---|
| 001 | 0000016309 | ||
| 005 | 20051012090000.0 | ||
| 020 | 0 | 0 | |a 92-9137-300-1 |
| 090 | 0 | 0 | |a B 687 |b SOU |
| 245 | 0 | 0 | |a Source - it : |b global material sourcing for the clothing industry. |
| 260 | 0 | 0 | |a Geneva: |b ITC, |c 2005. |
| 300 | # | # | |a 201 p. |
| 650 | 0 | 0 | |a Clothing trade |
| 650 | 0 | 0 | |a Supply chain management |
| 650 | 0 | 0 | |a Textiles |
| 650 | 0 | 0 | |a Value chain |
| 999 | |a 0000017663 |b Book |c Book |e Business Information Centre | ||


